Statistieken voor Top 15 landen met Covid-19 sterfgevallen - 2 mei

Klik hier om de quiz te nemen!

Algemene statistieken

  • Deze quiz is 4 keer genomen
  • De gemiddelde score is 16 van 21

Antwoordstatistieken

land% Correct
België
100%
Brazilië
100%
Canada
100%
China
100%
Duitsland
100%
Frankrijk
100%
Italië
100%
Mexico
100%
Nederland
100%
Verenigde Staten
100%
Ierland
75%
Spanje
75%
Verenigd Koninkrijk
75%
Zweden
75%
Zweden
75%
Denemarken
50%
Iran
50%
Portugal
50%
Zwitserland
50%
Turkije
25%
Ecuador
0%

Scoreverdeling

Percentiel versus Aantal Correcte Antwoorden

Procent van Mensen met Elke Score

Uw Scoregeschiedenis

U heeft deze quiz nog niet genomen